ARLA Members Survey Report (Record no. 104703)
[ view plain ]
| 000 -LEADER | |
|---|---|
| fixed length control field | 01602cam a2200229 4500 |
| 001 - CONTROL NUMBER | |
| control field | ##L131289 |
| 008 - FIXED-LENGTH DATA ELEMENTS--GENERAL INFORMATION | |
| fixed length control field | 051017n2005 000 0 eng u |
| 035 ## - SYSTEM CONTROL NUMBER | |
| System control number | (Sirsi) u131289 |
| 041 0# - LANGUAGE CODE | |
| Language code of text/sound track or separate title | eng |
| 050 04 - LIBRARY OF CONGRESS CALL NUMBER | |
| Classification number | 346.4104342 $2 18 |
| 110 ## - MAIN ENTRY--CORPORATE NAME | |
| Corporate name or jurisdiction name as entry element | Association of Residential Letting Agents |
| 9 (RLIN) | 3020 |
| 245 00 - TITLE STATEMENT | |
| Title | ARLA Members Survey Report |
| Remainder of title | Third Quarter 2005 |
| 260 3# - PUBLICATION, DISTRIBUTION, ETC. | |
| Place of publication, distribution, etc. | Amersham |
| Name of publisher, distributor, etc. | ARLA |
| Date of publication, distribution, etc. | 2005 |
| 490 #0 - SERIES STATEMENT | |
| Series statement | ARLA Members Survey Report |
| 520 ## - SUMMARY, ETC. | |
| Summary, etc. | The third quarter 2005 survey shows the average capital values of rental property increasing sharply over the last three months, leading inevitably to a marginal decline in rental returns. It reports a healthy balance between supply and demand in the private rented sector in most parts of the country. The value of houses on the rental market increased by 3.8% overall and flats 5.8%. Agents throughout the country report significant increases in rents achieved, particularly for flats in prime central London. The average number of new tenancies arranged in letting offices was up 10% during the slow summer quarter. Demand for property is outstripping supply in the country outside of southeast England and prime central London. |
| 590 ## - LOCAL NOTE (RLIN) | |
| Local note | IKA251005 |
| 690 ## - LOCAL SUBJECT ADDED ENTRY--TOPICAL TERM (OCLC, RLIN) | |
| Topical term or geographic name as entry element | PROPERTY-RESIDENTIAL PROPERTY-RESIDENTIAL PROPERTY TENURE-LEASEHOLD RESIDENTIAL PROPERTY |
| 700 1# - ADDED ENTRY--PERSONAL NAME | |
| Personal name | Carey Jones, O. M. |
| 710 ## - ADDED ENTRY--CORPORATE NAME | |
| Corporate name or jurisdiction name as entry element | ARLA Panel of Mortgage Lenders |
| 9 (RLIN) | 4776 |
| 856 40 - ELECTRONIC LOCATION AND ACCESS | |
| Uniform Resource Identifier | <a href="https://www.arla.co.uk/information/private-rented-survey/2005/arla-members-survey-private-rented-sector-2005-q3.pdf">https://www.arla.co.uk/information/private-rented-survey/2005/arla-members-survey-private-rented-sector-2005-q3.pdf</a> |
| Public note | View the survey report free of charge at www.arla.co.uk... |
| 942 ## - ADDED ENTRY ELEMENTS (KOHA) | |
| Suppress in OPAC | 0 |
| Withdrawn status | Lost status | Source of classification or shelving scheme | Damaged status | Not for loan | Home library | Current library | Shelving location | Date acquired | Total Checkouts | Full call number | Barcode | Date last seen | Copy number | Price effective from | Koha item type |
|---|---|---|---|---|---|---|---|---|---|---|---|---|---|---|---|
| Dewey Decimal Classification | Virtual | Virtual | Online | 17/10/2005 | ONLINE PUBLICATION | 131289-2001 | 06/08/2019 | 1 | 06/08/2019 | Book |